[Event "Tashkent FIDE GP 2nd"]
[Site "Tashkent"]
[Date "2012.11.27"]
[Round "5"]
[White "Karjakin, Sergey"]
[Black "Leko, Peter"]
[Result "1/2-1/2"]
[WhiteElo "2775"]
[BlackElo "2732"]
[Annotator "Krasenkow,M"]
[PlyCount "85"]
[EventDate "2012.11.22"]
[EventType "tourn"]
[EventRounds "11"]
[EventCountry "UZB"]
[EventCategory "20"]
[SourceTitle "CBM 152"]
[Source "ChessBase"]
[SourceDate "2013.01.15"]
[SourceVersion "1"]
[SourceVersionDate "2013.01.15"]
[SourceQuality "1"]

1. d4 Nf6 2. c4 e6 3. Nf3 d5 4. Nc3 Bb4 5. Bg5 h6 6. Bxf6 Qxf6 7. g3 {This
Catalan-style continuation is rare. The exchange of White's dark-squared
bishop is hardly favourable for him in the resulting structure.} O-O (7... c5
8. cxd5 exd5 9. Bg2 Nc6 10. O-O Be6 11. Nb5 O-O 12. a3 Ba5 13. dxc5 Qxb2 14.
Rb1 Qf6 15. Nbd4 Nxd4 16. Nxd4 Bc3 17. Nxe6 fxe6 18. Rxb7 Bd4 19. c6 Bxf2+ 20.
Kh1 $14 {[%csl Gc6] 1-0 Chabanon,J (2414)-Kalka,A (2407)/Belgium 2006/CBM 115
ext (61)}) (7... dxc4 $5 8. Qa4+ (8. Bg2 O-O {- game}) 8... Nc6 9. Ne5 $6 (9.
a3 Bxc3+ 10. bxc3 O-O 11. Qxc4 e5 $11) 9... Bd7 10. Nxd7 Qxd4 $1 11. Rc1 Qxd7
12. Bg2 O-O 13. O-O Bxc3 14. Rxc3 Ne5 15. Qxd7 Nxd7 16. Rxc4 c6 $17 {1/2
Condie,M (2425)-Blatny,P (2415)/Poznan 1986/EXT 1997 (40)}) 8. Bg2 dxc4 $1 {
It is logical to accept this pawn offer. White has yet to prove his
compensation.} (8... Nd7 9. Qb3 Bxc3+ 10. bxc3 dxc4 11. Qxc4 c6 12. a4 e5 {
Here this move is less effective.} 13. a5 $1 {[%csl Rd7]} Qe7 14. O-O e4 15.
Nd2 Nf6 16. e3 $14 {0-1 Huzman,A (2505)-Inkiov,V (2450)/Cannes 1992/TD (34)}) (
8... c6 9. O-O Nd7 {leads to a position arising from the Moscow Variation (4...
c6). Here is an old example:} 10. e4 $5 (10. Qd3 Rd8 11. Rad1 b6 12. cxd5 cxd5
13. a3 Bxc3 14. Qxc3 Ba6 15. Qd2 Rac8 16. Rc1 Qe7 17. Rfe1 {1/2 Wirthensohn,H 
(2397)-Pelletier,Y (2583)/Lenzerheide 2006/CBM 113 ext}) 10... dxc4 11. e5 Qd8
(11... Qg6 $5) 12. a3 Be7 13. a4 Rb8 (13... a5 $142 {[%cal Yd7b6]}) 14. Nd2 b5
15. Bxc6 b4 16. Ne2 Ba6 17. Bb5 $1 Bxb5 18. axb5 Rxb5 19. Nxc4 $14 {1-0
Lputian,S (2520)-Conquest,S (2430)/Hastings 1986/CBM 004 (50)}) 9. O-O Nc6 {
And this position usually arises from the Nimzo-Indian with 4.g3.} 10. e3 (10.
Ne4 $6 Qf5 11. Qc2 (11. Nh4 Qb5 $5) 11... Rd8 12. Rfd1 Be7 13. e3 (13. Rac1 Rb8
14. Qxc4 Qxe4 15. Ne5 Nxe5 16. Qxc7 Qxe2 17. Qxe7 Rd7 18. Qe8+ Kh7 19. Re1 Nf3+
20. Bxf3 Qxf3 $17 {1/2 Nikolic,P (2600)-Biehler,T/Lugano 1987/TD (36)}) 13...
Nb4 (13... b5 $142 $17 14. a4 $140 Bb7 $1 {[%cal Rc6b4]}) 14. Qb1 Nd3 15. Ned2
(15. Nfd2 $142 $13) 15... e5 16. Nxc4 e4 $17 {1-0 Safin,S (2493)-Bakre,T (2459)
/Kolkata 2008/CBM 123 Extra (36)}) 10... Rd8 (10... Bd7 $5 11. Ne5 (11. Qe2 Na5
12. Ne5 Qe7 13. Ne4 Rac8 14. Nxd7 Qxd7 15. Rfd1 b5 $15 {1-0 Ghaem Maghami,E 
(2579)-Zhou Weiqi (2624)/Zaozhuang CHN 2012/The Week in Chess 916 (45)}) 11...
Nxe5 12. dxe5 Qe7 13. Bxb7 Rab8 14. Bg2 Rfd8 15. Qd4 Bc5 16. Qxc4 Rxb2 17. Rab1
Rdb8 18. Rxb2 Rxb2 19. Rd1 Be8 20. Na4 Rb5 $11 {0-1 Dias,P (2394)-Rotstein,A 
(2542)/Figueira da Foz 2010/EXT 2011 (41)}) (10... Rb8 {[%cal Yb7b5] is
probably the most ambitious move. It is not even clear how White can keep the
balance:} 11. Nd2 (11. Qc2 b5 12. a4 a6 13. axb5 axb5 14. Nd2 Na5 15. Ra2 Bb7
$15 {0-1 Neelotpal,D (2458)-Shyam,N (2418)/Aurangabad 2011/CBM 144 Extra (75)})
11... Na5 (11... e5 12. Nd5 Qd8 13. Nxc4 exd4 14. exd4 Be6 15. Nce3 Bxd5 16.
Nxd5 Bd6 17. Rc1 Ne7 18. Ne3 c6 $11 {1/2 Fominyh,A (2515)-Sokolov,A (2585)/
Elista 1995/CBM 050 (36)}) (11... Bxc3 $5 12. bxc3 Na5 13. f4 $5 Bd7 14. g4 Qe7
15. g5 hxg5 16. Qh5 g6 17. Qh6 g4 18. h3 gxh3 19. Rf3 Qf6 20. Rxh3 Qg7 21. Qg5
$44 {1-0 Soffer,R (2489)-Dougherty,M (2183)/Caleta 2011/CBM 141 (29)}) 12. Qc2
(12. Qa4 Qe7 13. a3 Bxc3 14. bxc3 b6 15. Rfd1 c5 $17 {0-1 Fish,G (2523)
-Khenkin,I (2604)/Altenkirchen 2005/CBM 106/[Gavrikov] (35)}) (12. Qh5 Qg5 13.
Qxg5 hxg5 14. Rfc1 b5 $17 {0-1 Gurevich,D (2580)-Ellers,H (2260)/Ischia 1997/
EXT 2000 (63)}) 12... Qd8 $5 {Probably the best regrouping.} (12... Qe7 13. a3
Bd6 (13... Bxc3 14. Qxc3 b6 15. Nxc4 Nxc4 16. Qxc4 c5 17. Rac1 cxd4 18. Qxd4
Bb7 19. Bxb7 Qxb7 20. Rfd1 Rbc8 21. h4 {1/2 Sokolov,I (2677)-Van Wely,L (2691)/
Wolvega NED 2012/The Week in Chess 941}) 14. Nce4 b6 $5 (14... b5 15. a4 Bd7
16. axb5 Rxb5 17. Nc3 Nb3 18. Nxb5 Nxa1 19. Qxc4 Bxb5 20. Qxb5 Nc2 21. Nc4 $16
{1-0 Khalifman,A (2490)-Gurevich,M (2510)/Kiev 1986/URS-ch (65)}) (14... e5 15.
Nxc4 Nxc4 16. Qxc4 c6 17. d5 cxd5 18. Qxd5 Rd8 19. Rfd1 Bc7 20. Qc4 Be6 21. Qc5
$14 {1/2 Kozul,Z (2589)-Palac,M (2582)/Murska Sobota 2006/EXT 2008 (72)}) 15.
Nxc4 Nxc4 16. Qxc4 Bb7 17. Qa4 Bxe4 18. Bxe4 c5 19. dxc5 Bxc5 20. b4 Bd6 21.
Rfd1 Rbd8 22. Ra2 Bb8 {1/2 Kruppa,Y (2520)-Splosnov,S (2280)/Minsk 1997/EXT
2000}) (12... b5 13. a3 Be7 14. a4 b4 15. Nce4 Qf5 16. Nxc4 b3 17. Qc1 {
1-0 Riemersma,L (2420)-Van Kampen,R (2570)/Hoogeveen NED 2012/The Week in
Chess 938 (23)} Bb7 $1 $11) (12... Qf5 13. Be4 Qh5 14. Bf3 Qf5 15. Be4 Qh5 16.
a3 Bxc3 $6 (16... Bd6 $13) 17. Qxc3 Qb5 18. Rfc1 Bd7 19. a4 Qa6 20. Nxc4 $14 {
1/2 Postny,E (2648)-Colin,V (2415)/Wroclaw 2009/CBM 130 Extra (57)}) 13. a3 Be7
14. Ne2 b5 15. a4 c6 16. b3 Bb4 17. bxc4 Bxd2 18. Qxd2 Nb3 19. Qb2 Nxa1 20.
Rxa1 Qc7 21. c5 b4 22. Nf4 {1/2 Sulava,N (2425)-Lukacs,P (2505)/Budapest 1990/
EXT 1997 (30)} e5 $1 $17) 11. Qa4 {Or else:} (11. Ne4 Qf5 $5 (11... Qe7 12. a3
Bd6 13. Nfd2 e5 14. Nxc4 exd4 15. exd4 Bf5 16. Nc3 Qf6 $11 {1/2 Ehlvest,J 
(2622)-Yermolinsky,A (2570)/Moscow 2005/CBM 106 (27)})) (11. a3 Bxc3 12. bxc3
e5 13. Nd2 Be6 14. Rb1 Rab8 15. Ne4 Qf5 16. Nc5 exd4 17. exd4 Bd5 18. Rxb7 Bxg2
19. Kxg2 Rxb7 20. Nxb7 Rb8 21. Nc5 Rb2 22. Qa4 Qd5+ 23. Kg1 Kh7 {1/2 Fages,
J-McDowall,M/LSS 2006/Telechess CBM 127}) (11. Qe2 e5 12. Qxc4 exd4 13. Nd5 Qd6
14. Nxd4 (14. Nxb4 Be6 15. Qb5 Qxb4 16. Qxb4 Nxb4 17. Nxd4 Bd5 $11 {1/2 Almasi,
Z (2667)-Balogh,C (2575)/Heviz 2008/CBM 123 (23)}) 14... Nxd4 15. Qxd4 Bc5 16.
Qh4 c6 17. b4 Bb6 18. Ne7+ Kf8 19. Nxc8 Raxc8 $11 {1/2 Perelshteyn,E (2534)
-Neimer,V (2373)/Lubbock 2011/CBM 144 Extra (78)}) (11. Nd2 e5 $1 12. Nxc4 (12.
d5 Na5) (12. a3 Bf8 13. Nd5 Qg6) (12. Nd5 Rxd5 $1 13. Bxd5 Bh3 (13... exd4 14.
Nxc4 {- see below}) (13... Bxd2 $5 14. dxe5 Nxe5 15. Qxd2 Be6 $44 (15... Bh3 $6
16. f4 $1)) 14. dxe5 (14. Bg2 Bxg2 15. Kxg2 Bxd2 16. Qxd2 exd4 17. exd4 Nxd4
$17) 14... Nxe5 15. Nxc4 (15. f4 $2 Ng4 16. Nxc4 Rd8) 15... Nxc4 16. Bxc4 Bxf1
{1/2 Nilssen,J (2385)-Olsen,H (2248)/Klaksvik 2002/CBM 090 ext}) 12... exd4 13.
Nd5 Rxd5 $1 14. Bxd5 Bh3 15. Bg2 Bxg2 16. Kxg2 b5 17. a3 (17. Nd2 dxe3 18. Nf3
Re8 $15 {0-1 Fominyh,A (2535)-Tikzhanov,E (2265)/Omsk 1996/CBM 057/[Tisdall] 
(46)}) 17... Be7 18. Nd2 dxe3 19. fxe3 Qe6 20. Nf3 Bf6 $44 {1/2 Ghitescu,T 
(2450)-Luczak,A (2200)/Lodz 1978/MCD (43)}) 11... a6 (11... Bd7 $5 12. Qc2 Bd6
13. Rfd1 Rac8 (13... Rab8 $5 {[%cal Yb7b5]}) 14. Qe2 e5 15. Qxc4 exd4 16. Nxd4
Nxd4 17. Rxd4 Be5 18. Rxd7 Rxd7 19. Bh3 Rcd8 20. Bxd7 Rxd7 $11 {1/2 Kozul,Z 
(2600)-Dizdar,G (2564)/Split 2008/CBM 122 Extra (24)}) 12. Nd2 Bd7 13. Qc2 (13.
Bxc6 Bxc3 14. Ne4 Qf5 15. Bxd7 Bxb2 16. Rab1 Qxe4 17. Rxb2 b5 (17... c3 18. Rb3
) 18. Bxb5 axb5 19. Qxb5 c3 20. Rb3 {is a way to force a draw as} c2 {can be
met with} 21. Rc3 Rxa2 22. Qc4 {[%cal Yf1c1] Instead, White goes for a risky
continuation but the position soon levels out anyway.}) 13... Na5 (13... b5 $5
14. b3 $5 cxb3 15. axb3 $44 {[%csl Rc7]}) 14. Rfd1 Qe7 15. a3 Bd6 16. Nce4 Bc6
17. Nxc4 Nxc4 18. Qxc4 Bd5 19. Qc2 Bxe4 20. Qxe4 c6 $11 {The rest is due to
the Sofia rule.} 21. h4 h5 22. b4 a5 23. Rab1 g6 24. Rd3 Rd7 25. b5 Bxa3 26.
bxc6 bxc6 27. Qxc6 Rad8 28. Rc3 Bb4 29. Rc4 Qd6 30. Qa4 Rc7 31. Rbc1 Rdc8 32.
Bc6 e5 (32... Bd2 $5 33. R1c2 Bxe3 34. fxe3 Qxg3+ 35. Kf1 Qxe3 36. Qxa5 {
is also drawish (indicated by GM M.Golubev)}) 33. d5 Kg7 34. Kg2 Qf6 35. Qb5
Qd6 36. R1c2 Re7 37. Qa4 Rb8 38. Qb3 Rc8 39. Qd3 Rd8 40. Qe2 Qf6 41. Qd3 Qd6
42. Qe2 Qf6 43. Qd3 {Conclusion: this opening line is completely harmless for
Black; it is White who must take care to achieve equality.} 1/2-1/2

[Event "Bundesliga 0607"]
[Site "Germany"]
[Date "2006.12.09"]
[Round "5.1"]
[White "Khenkin, Igor"]
[Black "Ivanchuk, Vassily"]
[Result "0-1"]
[WhiteElo "2620"]
[BlackElo "2741"]
[Annotator "Krasenkow,M"]
[PlyCount "86"]
[EventDate "2006.10.28"]
[EventType "team-tourn"]
[EventRounds "15"]
[EventCountry "GER"]
[SourceTitle "CBM 116"]
[Source "ChessBase"]
[SourceDate "2007.02.01"]
[SourceVersion "1"]
[SourceVersionDate "2007.02.01"]
[SourceQuality "1"]
[WhiteTeam "Tegernsee"]
[BlackTeam "Remagen"]
[WhiteTeamCountry "GER"]
[BlackTeamCountry "GER"]

1. d4 Nf6 2. c4 e6 3. Nc3 Bb4 4. f3 c5 5. d5 Nh5 6. g3 d6 (6... O-O {is
usually played but GM V.Ivanchuk has his own idea.}) 7. e4 exd5 8. cxd5 f5 $1
$146 {[%mdl 8] Undermining White's centre.} (8... O-O {is quite possible, too,
e.g.} 9. Bg2 (9. Nh3 $142 f5 10. Nf2) 9... f5 10. f4 Qe8 11. Nge2 fxe4 12. h3
Bxc3+ 13. bxc3 b5 14. O-O Na6 15. g4 Nf6 16. Ng3 Bb7 17. Qc2 Bxd5 18. Rd1 Nc7
19. c4 bxc4 20. Bb2 Rd8 $17 {0-1 Moskalenko,V-Howell,J/Belgorod 1990/EXT 99 
(53)}) 9. exf5 (9. f4 $6 Nf6) 9... O-O 10. Nge2 Bxf5 11. Bg2 (11. g4 $2 Qh4+
12. Kd2 Bd7 13. Qe1 (13. gxh5 Rxf3 $19) 13... Qe7 14. gxh5 Rxf3 $40 {[%csl Rd2]
}) 11... c4 12. O-O Bd3 $15 {[%csl Gd3] Black has got better prospects after
the opening. Is the whole system unplayable for White?} 13. Bh3 (13. Be3 Re8
14. Bd4 Nd7 (14... Bxc3 15. Nxc3 Bxf1 16. Qxf1 $44) 15. Rf2 Nc5 $15) 13... Na6
14. Be6+ Kh8 15. g4 Nf6 16. Nf4 $5 {[%mdl 512] An interesting exchange
sacrifice, which Black declines.} Nc5 (16... Bxf1 $5 17. Qxf1 (17. Kxf1 g5 18.
Nh3 h6 19. Qd4 Nc5) 17... g5 18. Ng2 (18. Nh3 h6 {[%cal Ya6c7] with no
sufficient compensation for White.}) 18... Qa5 (18... Qb6+ 19. Kh1 Bxc3 20.
bxc3 Nc7 21. Qxc4 Qc5 22. Qxc5 dxc5 23. Bxg5 Nfxd5 24. Bf5 $44) 19. Bxg5 Nc5 {
The position is extremely complicated but Black's prospects look preferable, e.
g.} 20. Bf5 Nd3 $1 21. Bxd3 Nxg4 22. fxg4 Rxf1+ 23. Bxf1 Re8 $15 {due to the
better co-ordination of Black's pieces.}) 17. Nxd3 (17. g5 Nfd7 $17) (17. Re1
Nfd7 {[%cal Yd7e5,Yg7g5]}) 17... Nxd3 18. Ne2 Qa5 19. a3 b5 {Not the most
accurate move but the position is already unclear:} (19... Bc5+ 20. Kg2 Rae8
21. b3 (21. Nf4 $2 Nxf4+ 22. Bxf4 Nxd5) (21. Rb1 $5 Be3 $1 22. Bxe3 Nxd5 23.
Bd2 (23. Bxd5 Rxe3 {[%cal Re3e2]} 24. Nc3 Nf4+ 25. Kg3 Rd3 $17) 23... Rxe6 24.
Bxa5 Ne3+ 25. Kg3 Nxd1 26. Nd4 Re5 27. Rfxd1 Rxa5 28. b3 $132) 21... b5 (21...
Be3 $6 22. bxc4) 22. Bd2 Qa6 23. Nc3 $13) 20. Kg2 Bc5 (20... Rae8 $2 21. Bg5
Bc5 22. b4) 21. Nf4 {This is the difference! The capture on d5 after the
exchange on f4 is impossible and White obtains sufficient counterplay due to
the g4-g5 threat.} Nxc1 22. Qxc1 Rae8 (22... Qb6 23. Re1 Bf2 $5 24. Re2 Bh4)
23. Re1 Bd4 $6 {Now White seizes the initiative.} (23... Qd8 {[%cal Yf6g8,
Yd8h4]}) 24. g5 Qd8 $5 {Looks like a bluff but what else?} (24... Ng8 25. Re4
Qb6 26. Nh5) 25. Qd2 $2 {White probably was under time pressure already.} (25.
Ne2 $1 Bxb2 (25... Nxd5 26. Bxd5 Be3 $6 27. Qc3 Qxg5+ 28. Ng3) 26. Qxb2 Nxd5
27. Bxd5 Qxg5+ 28. Ng3 Qxd5 29. Qc3 $14 {Black's passed pawns are safely
blocked.}) 25... Be5 $1 $17 26. Nh3 $6 {This loses the g5 pawn and the game.} (
26. gxf6 Qxf6 27. Rxe5 dxe5 28. Ne2 Qxf3+ 29. Kg1 Qf2+ 30. Kh1 Rf6 $17) (26.
Ne2 Nh5 27. h4 Nf4+ 28. Nxf4 Rxf4 29. Re4 Ref8 $17) 26... Nh5 27. Re4 Nf4+ $1
28. Nxf4 Qxg5+ 29. Kh1 Rxf4 30. Bd7 Ref8 $1 {Black doesn't care about the b5
pawn although} (30... Rb8 {was quite possible.}) 31. Bxb5 Qh5 32. Rxf4 Rxf4 33.
Rf1 g6 (33... Rxf3 $6 34. Bxc4) (33... Rd4 34. Qe2 Bxh2 35. Qe8+ Qxe8 36. Bxe8
Be5 $19) (33... Qf7 $5 $19 {[%cal Rf4f3]} 34. Kg2 $2 Rh4) (33... a6 $1 34. Bxa6
(34. Bc6 Rxf3 35. Rf2 Bxh2 $1 36. Rxf3 Bf4+ 37. Kg1 Qxf3 $19) 34... Rd4 35. Qe2
Bxh2 $1 $19) 34. Rf2 Qh4 35. Bd7 $6 (35. Qe2 Rd4 36. Kg1 {was the only (quite
hopeless) way to play on.}) 35... Rd4 36. Qe2 Rd1+ 37. Qxd1 Qxf2 38. f4 Bxf4
39. Qg1 Qf3+ 40. Qg2 Qd1+ 41. Qg1 Qxd5+ 42. Qg2 Qd1+ 43. Qg1 Qe2 {Winning a
third pawn (on b2).} 0-1

[Event "Geneva FIDE GP"]
[Site "Geneva"]
[Date "2017.07.08"]
[Round "3"]
[White "Rapport, Richard"]
[Black "Jakovenko, Dmitrij"]
[Result "0-1"]
[WhiteElo "2694"]
[BlackElo "2703"]
[Annotator "Krasenkow,M"]
[PlyCount "172"]
[EventDate "2017.07.06"]
[EventType "swiss"]
[EventRounds "9"]
[EventCountry "SUI"]
[SourceTitle "CBM 180"]
[Source "ChessBase"]
[SourceDate "2017.09.13"]
[SourceVersion "1"]
[SourceVersionDate "2017.09.13"]
[SourceQuality "1"]

1. d4 Nf6 2. c4 e6 3. Nc3 Bb4 4. g3 O-O 5. Bg2 d5 6. cxd5 {A harmess move. As
a rule, the Karlsbad pawn structure with White's bishop on g2 creates no
problems for Black. White doesn't want to go for the gambit continuation} (6.
Nf3 dxc4) 6... exd5 7. a3 {Asking Black's bishop to take on c3 or retreat to
e7. The drawback of this move is clear: it wastes a precious tempo.} (7. Nf3 {
is more common but after} c6 {Black's bishop will be able to retreat to d6, e.
g.} 8. O-O Re8 9. a3 Bd6 {This line, seen in a number of games, is hardly
promising for White.}) 7... Bxc3+ {This exchange is the simplest way to
equality.} ({The position after} 7... Be7 {often arises from other move orders:
} 8. Nf3 (8. e3 c6 9. Nge2 Bf5 10. O-O Re8 11. f3 Bd6 (11... Bf8 $142) 12. e4
dxe4 13. fxe4 Bxe4 14. Rxf6 Bxg2 15. Rxd6 Qxd6 16. Kxg2 $14 {1-0 (48) Meier,A 
(2280)-Ankerst,M (2115) Germany 2007}) (8. Nh3 c6 (8... Bf5 9. O-O Re8 10. Nf4
c6 11. h3 h5 12. e3 Qc8 13. Kh2 g6 $132 {1/2 (28) Ivanisevic,I (2614)-Bacrot,E
(2709) Novi Sad 2009}) 9. O-O (9. Nf4 Na6 10. O-O Nc7 11. Qc2 Ne6 12. Rd1 Bd6
13. Nxe6 Bxe6 14. b4 Rc8 15. Bg5 {1/2 (15) Berkes,F (2664)-Raznikov,D (2484)
Zalakaros 2015}) 9... a5 (9... Re8 10. Nf4 Bd6 11. f3 Bc7 12. b4 h6 13. Kh1 Bf5
14. Re1 Bb6 15. Na4 Nbd7 16. Bb2 Bc7 $132 {1/2 (60) Gajewski,G (2577)-Lenic,L 
(2569) Dresden 2008}) (9... Nbd7 10. Nf4 Re8 11. b4 a6 12. Nd3 Nb6 13. Qb3 Nc4
14. Rd1 Bf5 $132 {1/2 (34) Jovanic,O (2533)-Tratar,M (2493) Nova Gorica 2010})
10. Nf4 Re8 11. b3 Na6 12. f3 c5 13. Be3 b6 14. dxc5 Bxc5 15. Bxc5 Nxc5 16.
Ncxd5 Nxd5 17. Qxd5 Bb7 18. Qxd8 Raxd8 19. b4 Nb3 20. Ra2 Nd2 21. Rf2 Re3 $44 {
1/2 (33) Ivanisevic,I (2638)-Brkic,A (2586) Jerusalem 2015}) 8... c6 9. O-O (9.
Qc2 a5 10. O-O Be6 11. Bf4 Nbd7 12. Rad1 Re8 13. Ne5 Nb6 14. h3 Nfd7 15. g4 Nf8
$11 {1/2 (22) Sedlak,N (2572)-Tiviakov,S (2663) Al Ain 2012}) 9... Re8 (9...
Bf5 10. Nh4 Be6 11. f4 Ne4 12. f5 Nxc3 13. bxc3 Bc8 14. Qd3 Nd7 (14... Bxh4 15.
gxh4 Qxh4 16. Rf4 $44) 15. Nf3 Bd6 16. Nd2 Nf6 17. e4 dxe4 18. Nxe4 Nxe4 19.
Bxe4 $14 {1-0 (33) Pfleger,H (2545)-Keene,R (2465) Elvetham Hall 1979}) 10. Ne5
Nbd7 11. f4 Nf8 12. e3 Bd6 13. b4 Bf5 14. g4 Bxe5 15. fxe5 Bxg4 16. Bf3 Bxf3
17. Qxf3 N6d7 18. Qxf7+ Kh8 $13 {0-1 (71) Slipak,S (2444)-Bachmann,A (2543)
Villa Martelli 2013}) 8. bxc3 Ne4 $5 9. c4 c6 (9... Nc6 $5) 10. cxd5 cxd5 $11
11. e3 (11. Nf3 Re8 {[%cal Re4c3]}) 11... Bd7 (11... Nc6 12. Ne2 Bf5 13. O-O
Rc8 {is comfortable for Black but Dmitrij Jakovenko choses another arrangement
of his pieces.}) 12. Ne2 Bb5 13. O-O Re8 14. Re1 Nc6 15. f3 Nf6 16. g4 $6 {
[%mdl 32] This "active" move just weakens White's position.} (16. Nf4 $11)
16... Bxe2 (16... Bc4 $5 {[%cal Yb7b5]}) 17. Rxe2 Rc8 18. Qd3 h6 19. Bd2 a6 20.
Kh1 $6 {White starts an unjustified kingside attack, which Black successfully
parries.} (20. Rb1 $142 b5 21. a4) 20... Na5 21. Rg1 Nc4 22. Bc1 Rc6 (22... Re6
$142 $5 23. h3 Qc7 24. e4 Qg3 {[%cal Rd5e4,Rf6g4]}) 23. h3 b5 (23... Qc7 24. e4
Qg3 $6 25. exd5) 24. e4 dxe4 25. fxe4 Rd6 26. Rd1 Rd7 (26... Nd7 27. Bf4 Nc5
28. Qc3 Na4 29. Qa1 $13) 27. g5 $6 (27. Bf4) 27... Nh5 $1 28. Qf3 (28. gxh6 $2
Rxd4 29. Qxd4 Ng3+ 30. Kh2 Qxd4 31. Rxd4 Nxe2 $19) 28... g6 29. gxh6 Rxd4 {
White's centre has been ruined, and Black starts exploiting numerous
weaknesses in White's position.} 30. Rf1 Ne5 31. Qf2 Rd1 (31... Rd3 32. Re3) (
31... f6 $5) 32. Bb2 Rxf1+ 33. Bxf1 Qg5 34. h7+ Kxh7 35. Bxe5 Qxe5 36. Qxf7+
Kh6 {[%csl Rf1,Rh1]} 37. Rg2 Qe6 38. Qxe6 Rxe6 $17 {[%mdl 4096]} 39. a4 (39.
Bd3 Nf4 40. Rg3 Nxd3 41. Rxd3 Rxe4 $19 {_|_}) 39... bxa4 40. Kh2 Rxe4 (40...
Rf6 $5 41. Kg1 Rf3) 41. Ra2 (41. Bd3 Re6 42. Ra2 Re3 43. Bxa6 a3) 41... a5 $6 {
Allowing White's bishop to b5 is not a good idea.} (41... Nf4 $142 42. Bxa6 Rb4
) 42. Bb5 Nf4 43. Ra3 {Preparing Bb5xa4, which was not possible yet.} (43. Bxa4
Re2+ 44. Rxe2 Nxe2 $19) 43... Kg5 (43... Nd5 $5 44. Bxa4 Nb6 45. Bc6 Rc4 46.
Bb5 Rc5 47. Bf1 a4 {although Black's b6-knight is not perfectly placed.}) 44.
Bxa4 Kh4 $6 {This loses the a5 pawn, too.} (44... Re5 $142) 45. Bb5 g5 46. Rxa5
Re5 {This pin looks formidable but Black can't improve his position.} 47. Kh1
Rd5 48. Kh2 Rd2+ 49. Kh1 Kxh3 50. Bf1+ {The position is drawish now but Black
keeps trying.} Kh4 51. Ra4 Kg3 52. Ra3+ Kf2 53. Bc4 Rd4 (53... g4 54. Ra2 Rxa2
55. Bxa2 g3 56. Bd5 $1 Nd3 57. Bc6 Ne1 58. Bg2 $1 Nf3 59. Bh3 $11) 54. Ra2+ Kg3
55. Ra3+ Kh4 56. Bf1 g4 57. Kg1 g3 58. Ra1 Kg4 59. Re1 Rd2 60. Ra1 Rb2 61. Kh1
Nd5 62. Bg2 Nf4 63. Bf1 Kf3 64. Kg1 Nd5 65. Bh3 Ne3 66. Re1 Rc2 67. Ra1 Re2 68.
Bf1 Rb2 69. Bh3 Rc2 70. Re1 g2 71. Be6 (71. Bxg2+ $2 Rxg2+ 72. Kh1 Rd2 {
is theoretically winning for Black.}) 71... Rc3 72. Bh3 Kg3 73. Be6 $1 {
Accurately played.} (73. Bd7 $2 Nd5 $19 {[%cal Yd5f4]}) 73... Kf3 (73... Ra3
74. Bd5 $1 Nxd5 75. Re3+ $11) (73... Rd3 74. Bd5 $1 Nc2 75. Rb1 Rxd5 76. Rb3+
$11) 74. Bh3 Rc2 75. Be6 Rc6 76. Bh3 Rc3 77. Bd7 (77. Be6 {was simpler.}) 77...
Nd5 78. Bh3 Nf4 79. Bxg2+ Nxg2 80. Rf1+ $2 {This "natural" check is losing.} ({
White had a draw after} 80. Re8 Rc1+ 81. Kh2 Nf4 82. Rf8 {etc.}) ({Even} 80.
Ra1 {was enough: if} Kg3 {then} 81. Kf1 Re3 82. Rb1) 80... Kg3 81. Rf8 (81. Ra1
Ne3 {caging White's king and then encircling it, e.g.} 82. Re1 (82. Kh1 Ng4 83.
Rg1+ Kh3 84. Ra1 Nh2 {[%cal Yh2f3]} 85. Kg1 Kg3 86. Rb1 Rc2 $19 {[%cal Rh2f3]})
82... Ra3 $22 83. Rc1 (83. Kh1 Ng4) 83... Ng4 84. Kf1 Re3 85. Ra1 Nh2+ 86. Kg1
Re2 $19) 81... Rc1+ 82. Rf1 Rc6 (82... Ne1 $1 83. Kh1 Ra1 84. Rg1+ Kf2 $19) 83.
Ra1 (83. Rf8 Rc1+ 84. Rf1 Ne1 $19) 83... Ne3 84. Rb1 (84. Re1 Rc3 {[%cal Ye3g4,
Yg4h2,Yh2f3]}) 84... Rc2 85. Re1 Ng2 {[%cal Yg2h4,Yh4f3] This is as good as} (
85... Ng4 $19 {[%cal Yg4h2,Yh2f3]}) 86. Rd1 Nh4 0-1